| 000 -LEADER |
| fixed length control field |
02605nam a2200301 i 4500 |
| 001 - CONTROL NUMBER |
| control field |
21823660 |
| 003 - CONTROL NUMBER IDENTIFIER |
| control field |
OSt |
| 005 - DATE AND TIME OF LATEST TRANSACTION |
| control field |
20260331153526.0 |
| 008 - FIXED-LENGTH DATA ELEMENTS--GENERAL INFORMATION |
| fixed length control field |
201122s2022 nyu b 001 0 eng d |
| 020 ## - INTERNATIONAL STANDARD BOOK NUMBER |
| International Standard Book Number |
9780241986424 |
| Qualifying information |
paperback |
| 040 ## - CATALOGING SOURCE |
| Original cataloging agency |
LBSOR/DLC |
| Language of cataloging |
eng |
| Transcribing agency |
DLC |
| Description conventions |
rda |
| Modifying agency |
DLC |
| -- |
uoc |
| 082 04 - DEWEY DECIMAL CLASSIFICATION NUMBER |
| Classification number |
302 |
| Edition number |
23 |
| Item number |
JOE |
| 100 1# - MAIN ENTRY--PERSONAL NAME |
| Personal name |
Keohane, Joe, |
| Relator term |
author. |
| 9 (RLIN) |
2827 |
| 245 14 - TITLE STATEMENT |
| Title |
The power of strangers : |
| Remainder of title |
The Benefits of Connecting in a Suspicious World / |
| Statement of responsibility, etc. |
Joe Keohane. |
| 250 ## - EDITION STATEMENT |
| Remainder of edition statement |
'Thrillling, immersive' Will Strorr, author of The Science of Storytelling. |
| 264 #1 - PRODUCTION, PUBLICATION, DISTRIBUTION, MANUFACTURE, AND COPYRIGHT NOTICE |
| Place of production, publication, distribution, manufacture |
Great Britain : |
| Name of producer, publisher, distributor, manufacturer |
Penguin life, |
| Date of production, publication, distribution, manufacture, or copyright notice |
2022. |
| 264 #4 - PRODUCTION, PUBLICATION, DISTRIBUTION, MANUFACTURE, AND COPYRIGHT NOTICE |
| Date of production, publication, distribution, manufacture, or copyright notice |
©Joe Keohane, 2021. |
| 300 ## - PHYSICAL DESCRIPTION |
| Extent |
xix, 330 pages ; |
| Dimensions |
20 cm. |
| 336 ## - CONTENT TYPE |
| Content type term |
text |
| Content type code |
txt |
| Source |
rdacontent |
| 337 ## - MEDIA TYPE |
| Media type term |
unmediated |
| Media type code |
n |
| Source |
rdamedia |
| 338 ## - CARRIER TYPE |
| Carrier type term |
volume |
| Carrier type code |
nc |
| Source |
rdacarrier |
| 504 ## - BIBLIOGRAPHY, ETC. NOTE |
| Bibliography, etc. note |
Includes index. |
| 520 ## - SUMMARY, ETC. |
| Summary, etc. |
"In The Power of Strangers, journalist Joe Keohane takes us through an inquiry into our shared history, one that offers surprising and compelling insights into our own social and political moment. But if strangers seem to some to be the problem, history, data, and science show us that they are actually our solution. In fact, throughout human history, our address to the stranger, the foreigner, the marginalized, and the other has determined the fate and well-being of both nations and individuals. A raft of new science confirms that the more we open ourselves up to encounters with those we don't know, the healthier we are. Modern cities are vast clusters of strangers. Technology has driven many of us into silos of isolation. Through deep immersion with sociologists, psychologists, neuroscientists, theologians, philosophers, political scientists and historians, Keohane learns about how we're wired to sometimes fear, distrust, and even hate strangers; what happens to us--as individuals, groups, and as a culture--when we indulge those biases; and at the same time, he digs into a growing body of cutting-edge research on the surprising social and psychological benefits that come from talking to strangers; how even passing interactions with strangers can enhance empathy, happiness, and cognitive development, ease loneliness and isolation, and root us in the world, deepening our sense of belonging; how paradoxically, strangers can help us become more fully ourselves. Keohane explores the ways in which biology, culture, and history have defined us and our understanding of people we don't know"-- |
| Assigning source |
Provided by publisher. |
| 650 #0 - SUBJECT ADDED ENTRY--TOPICAL TERM |
| Topical term or geographic name entry element |
Interpersonal relations. |
| 650 #0 - SUBJECT ADDED ENTRY--TOPICAL TERM |
| Topical term or geographic name entry element |
Social interaction. |
| 650 #0 - SUBJECT ADDED ENTRY--TOPICAL TERM |
| Topical term or geographic name entry element |
Strangers. |
| 9 (RLIN) |
4726 |
| 942 ## - ADDED ENTRY ELEMENTS (KOHA) |
| Source of classification or shelving scheme |
|
| Koha item type |
Book |